Statistics for State Capitals Starting with Every Letter - 60 Seconds

Click here to take the quiz!

General Stats

  • This quiz has been taken 52 times
  • The average score is 11 of 16

Answer Stats

HintAnswer% Correct
AAlbany, Augusta, Atlanta etc.
100%
HHelena, Honolulu, Hartford, Harrisburg
92%
DDenver, Des Moines, Dover
89%
JJackson, Jefferson City, Juneau
82%
BBaton Rouge, Boston, Bismarck etc.
79%
CColumbia, Cheyenne, Charleston etc.
79%
IIndianapolis
76%
LLansing, Little Rock, Lincoln
74%
SSalem, Santa Fe, Springfield etx.
66%
FFrankfort
61%
TTallahassee, Trenton, Topeka
55%
OOklahoma City, Olympia
53%
PPhoenix, Providence, Pierre
50%
MMadison, Montgomery, Montpelier
42%
RRaleigh, Richmond
42%
NNashville
26%

Score Distribution

Percentile by Number Answered

Percent of People with Each Score

Your Score History

You have not taken this quiz